000 00874nam a22002055i 4500
001 178624
003 ES-MaACL
005 20230906220556.0
008 110609s1969 sp |||| | spa d
080 _a616.74
100 1 _aMoragas Redecilla, Augusto.
_982919
245 1 0 _aMorfopatología e histoquimia de la sinapsis mioneural en condiciones de isquemia muscular /
_cresumen de la tesis presentada para aspirar al grado de doctor en medicina por Augusto Moragas Redecilla.
260 _aBarcelona :
_bUniversidad de Barcelona, Secretariado de Publicaciones, Intercambio Científico y Extensión Universitaria :
_bIvern,
_c1969.
300 _a17 p. ;
_c24 cm.
500 _aCub. tomada como port.
504 _aBibliografía : p. 17.
650 0 4 _aIsquemia.
_9147037
710 2 _aUniversidad de Barcelona.
_97141
852 _aES-MaACL
_jE-15361 (29)
_xOlim P-1374
999 _c178624
_d178624